| 000 | 01076cam a2200289 a 4500 | ||
|---|---|---|---|
| 001 | 1785 | ||
| 005 | 20240710104706.0 | ||
| 020 | _a0439376092 (Hardcover : alk. paper) | ||
| 020 | _a9780439376105 | ||
| 040 |
_aDLC _cDLC _dDLC _beng |
||
| 050 | 0 | 0 | _aPZ7.P63123 |
| 082 | _a813.6 | ||
| 100 | 1 |
_aPilkey, Dav, _d1966- |
|
| 245 | 1 | 0 |
_aCaptain Underpants and the big, bad battle of the Bionic Booger Boy, part 1 : _bthe night of the nasty nostril nuggets : the sixth epic novel / _cby Dav Pilkey. |
| 260 |
_aNew York : _bScholastic, _c2003. |
||
| 300 |
_a173 pages : _billustrations ; _c20 cm |
||
| 505 | _aO | ||
| 520 | _aA snotty situation ensues when Melvin Sneedley, an academically gifted student, turns into the Bionic Booger Boy and must be stopped by George, Harold, and Captain Underpants. | ||
| 521 |
_a850
_bLexile |
||
| 521 |
_aO
_bRaz-Plus |
||
| 650 | 1 |
_aSchool principals _vFiction. |
|
| 650 | 1 |
_aSchools _vFiction. |
|
| 650 | 1 |
_aHeroes _vFiction. |
|
| 650 | 1 | _aHumorous stories. | |
| 906 |
_a7 _bcbc _corignew _d1 _eecip _f20 _gy-gencatlg |
||
| 942 |
_2ddc _cBK _n0 |
||
| 999 |
_c1785 _d1785 |
||